01014 a2200241 4500003000500000005001700005010001600022020001800038040000900056082001000065100002400075245005900099250001200158260012700170300003800297505022100335538002900556650002300585650003100608942001200639999001900651952010200670Nust20170207153542.0 a 93015050 a9788131715369 cNust00a004.61 aStallings, William.10aData and computer communications /cWilliam Stallings. a8th ed. aNew York :bPearson Education aSouth AsiabCollier Macmillan Canada ;aNew York :bMaxwell Macmillan International,c2007 axv, 835 p. :bcol. ill. ;c25 cm. aPart One: Overview (Page-1), Part Two: Data Communications (Page-52), Part Three: Wide Area Networks (Page-277), Part Four: Local Area Networks (Page-421), Part One: Internet and Transport Protocols (Page-526),  aAlmirah No 3. Shelf No.6 0aComputer networks. 0aData transmission systems. 2ddccBK c188466d188466 00102ddc40708NFICaMCSbMCSd2016-12-12l0o004.6 STApMCS34667r2016-12-08w2016-12-12yBK